Szczegóły MARC21

Zobowiązania : część ogólna /

005 -DATA I CZAS OSTATNIEJ MODYFIKACJI [,]
    • @
    • pole kontrolne
    • 20100902144110.0
020 -Międzynarod. znormalizowany nr książki - ISBN [ , ]
    • a
    • Numer ISBN
    • 8371100795 Find
020 -Międzynarod. znormalizowany nr książki - ISBN [ , ]
    • a
    • Numer ISBN
    • 3406133677 Find
040 -Instytucja sporządzająca opis [ , ]
    • a
    • Instytucja, która sporządziła opis (NP)
    • SZCZ U/SA
    • c
    • Instytucja, która sporządziła rekord (NP)
    • SZCZ U/SA
    • d
    • Instytucja, która zmodyfikowała rekord (P)
    • SZCZ U/AP
041 -Język dokumentu [0, ]
    • a
    • Język tekstu (P)
    • polski
044 -Kraj miejsca wydania [ , ]
    • a
    • Kraj miejsca wydania
    • Polska
942 -Rodzaj dokumentu [ , ]
    • c
    • Rodzaj dokumentu
    • Książka
100 -Hasło główne - nazwa osobowa [1, ]
    • 9
    • KHW
    • 7331
    • a
    • Nazwa osobowa (NP)
    • Radwański, Zbigniew
    • d
    • Daty biograficzne (NP)
    • (1924-2012).
245 -Strefa tytułu i oznaczenia odpowiedzialności [1,0]
    • a
    • Tytuł
    • Zobowiązania : Find
    • b
    • Ciąg dalszy tytułu (NP)
    • część ogólna / Find
    • c
    • Pozostałe elementy strefy tytułu i oznaczenia odpowiedzialności (NP)
    • Zbigniew Radwański.
250 -Strefa wydania [ , ]
    • a
    • Oznaczenie wydania (NP)
    • Wyd.2 zm.i zaktual. ; [stan prawny uwzględniono do czerwca 1997 r.].
260 -Strefa adresu wydawniczego [ , ]
    • a
    • Miejsce wydania (P)
    • Warszawa :
    • b
    • Nazwa wydawcy (P)
    • Wydawnictwo C.H. Beck,
    • c
    • Data wydania (P)
    • 1998.
300 -Strefa opisu fizycznego [ , ]
    • a
    • Określenie formy książki i/lub objętość (NP)
    • XX, 306 s. ;
    • c
    • Format (NP)
    • 21 cm.
830 -Hasło dodatkowe serii i opisu książki wielotomowej - tytuł ujednolicony/tytuł [ ,0]
    • 9
    • KHW
    • 271
    • a
    • Tytuł ujednolicony/tytuł (NP)
    • Podręczniki Prawnicze
504 -Uwaga dot. bibliogr. załącznikowej [ , ]
    • a
    • Uwaga dot. bibliografii załącznikowej
    • Ind.
080 -Uniwersalna Klasyfikacja Dziesiętna [ , ]
    • 2
    • Identyfikator wydania tablic
    • UDC-P058
    • 9
    • UKD
    • 3533
    • a
    • Symbol klasyfikacji
    • 347.41/.43
    • b
    • Dopowiedzenie
    • Zobowiązania. Skutki prawne zobowiązań. Wygaśnięcie zobowiązań. Odszkodowania.
    • 4
    • UKD2
    • 7642
    • x
    • Poddział wspólny
    • (438)
    • c
    • Dopowiedzenie poddz. wspólnego
    • (Polska).
    • 4
    • UKD2
    • 7665
    • x
    • Poddział wspólny
    • (075.8)
    • c
    • Dopowiedzenie poddz. wspólnego
    • (Podręczniki dla szkół wyższych. Skrypty).
980 -Symbol UKD [ , ]
    • a
    • UKD
    • 347.41/.43(438)(075.8)
920 -ISBN [ , ]
    • a
    • ISBN
    • 83-7110-079-5 Find
920 -ISBN [ , ]
    • a
    • ISBN
    • 3-406-13367-7 Find
Lokalizacja Data inwentaryzacji Status udost. Numer inwentarzowy Sygnatura
T2008-03-17-3TM.5433TM.5433